A természettudományos nevelés

Elmentve itt :
Bibliográfiai részletek
Dokumentumtípus: Cikk
Megjelent: 1999-06-22
Sorozat:Délmagyarország 89 No. 143
Kulcsszavak:Konferencia, Természettudományos nevelés a 21. században
Online Access:http://dmarchiv.bibl.u-szeged.hu/80452
LEADER 00448nab a2200145 i 4500
001 delm80452
005 20191024103037.0
008 191024s1999 hu o 0|| hun d
040 |a SZTE Délmagyarország Archívum  |b hun 
041 |a hun 
245 0 2 |a A természettudományos nevelés  |h [elektronikus dokumentum] 
260 |c 1999-06-22 
300 |a 5 
490 0 |a Délmagyarország  |v 89 No. 143 
695 |a Konferencia, Természettudományos nevelés a 21. században